[Event "EU-ch U18 Girls"]
[Site "Prague"]
[Date "2012.08.21"]
[Round "5"]
[White "Shvayger, Yuliya"]
[Black "Grigoryan, Julieta"]
[Result "1-0"]
[WhiteElo "2202"]
[BlackElo "1838"]
[PlyCount "71"]
[EventDate "2012.08.17"]
[EventType "swiss"]
[EventRounds "9"]
[EventCountry "CZE"]
[SourceTitle "CBM 150 Extra"]
[Source "ChessBase"]
[SourceDate "2012.10.19"]
[SourceVersion "1"]
[SourceVersionDate "2012.10.19"]
[SourceQuality "1"]

1. e4 c6 2. d4 d5 3. e5 Bf5 4. Nf3 e6 5. Be2 Nd7 6. 0-0 Ne7 7. Nh4 Bg6 8. b3 Nf5 9. Nxg6 hxg6 10. h3 Qb6 11. c3 c5 12. Bb2 Rc8 13. g4 Ne7 14. Kg2 Nc6 15. f4 cxd4 16. cxd4 Be7 17. a3 Ndb8 18. Qd3 Na6 19. Nd2 Nc7 20. b4 a6 21. Rac1 Nb5 22. Nb3 Qd8 23. f5 gxf5 24. gxf5 Bf8 25. fxe6 Qg5+ 26. Bg4 fxe6 27. Rc2 Be7 28. Bc1 Qh4 29. Qg6+ Kd7 30. Qxe6+ Kc7 31. Na5 Kb6 32. Qxd5 Rc7 33. Qe4 Bg5 34. d5 Nbd4 35. Rxc6+ Nxc6 36. Be3+ 1-0

[Event "EU-ch U18 Girls"]
[Site "Prague"]
[Date "2012.08.19"]
[Round "3"]
[White "Sviridova, Vlada"]
[Black "Grigoryan, Julieta"]
[Result "1-0"]
[WhiteElo "2132"]
[BlackElo "1838"]
[PlyCount "61"]
[EventDate "2012.08.17"]
[EventType "swiss"]
[EventRounds "9"]
[EventCountry "CZE"]
[SourceTitle "CBM 150 Extra"]
[Source "ChessBase"]
[SourceDate "2012.10.19"]
[SourceVersion "1"]
[SourceVersionDate "2012.10.19"]
[SourceQuality "1"]

1. d4 Nf6 2. c4 e6 3. Nf3 b6 4. g3 Ba6 5. b3 d5 6. cxd5 Nxd5 7. Bg2 Be7 8. 0-0 0-0 9. Re1 Nd7 10. Bd2 c5 11. Nc3 Nxc3 12. Bxc3 Rc8 13. Qd2 Bb7 14. Rad1 cxd4 15. Bxd4 Bf6 16. e4 Bxd4 17. Nxd4 Nf6 18. Nb5 Qxd2 19. Rxd2 Rfd8 20. Rxd8+ Rxd8 21. e5 Nd5 22. a4 a5 23. Nd6 Ba8 24. Rc1 g6 25. h4 Nb4 26. Bxa8 Rxa8 27. Rc7 Nd3 28. Nxf7 Rf8 29. Nh6+ Kh8 30. Ng4 Rf5 31. Nf6 1-0

[Event "EU-ch U16 Girls"]
[Site "Batumi"]
[Date "2010.09.28"]
[Round "9"]
[White "Grigoryan, Julieta"]
[Black "Chakvetadze, Dodo"]
[Result "1/2-1/2"]
[WhiteElo "1873"]
[BlackElo "1792"]
[PlyCount "99"]
[EventDate "2010.09.20"]
[EventType "swiss"]
[EventRounds "9"]
[EventCountry "GEO"]
[SourceTitle "CBM 138 Extra"]
[Source "ChessBase"]
[SourceDate "2010.10.29"]
[SourceVersion "1"]
[SourceVersionDate "2010.10.29"]
[SourceQuality "1"]

1. e4 c6 2. d4 d5 3. exd5 cxd5 4. Bd3 Nc6 5. c3 Qc7 6. h3 Nf6 7. Ne2 g6 8. Bf4 Qb6 9. Qb3 Qxb3 10. axb3 Bf5 11. Nc1 h5 12. b4 Nd7 13. Nd2 f6 14. b5 Nd8 15. Bxf5 gxf5 16. Nd3 Ne6 17. Bh2 Bh6 18. Nf3 Kf7 19. Nb4 Nb6 20. Nh4 Ng7 21. Ke2 e6 22. b3 Rhc8 23. Kd3 Ne8 24. Nc2 Bf8 25. Na3 Bd6 26. Bxd6 Nxd6 27. f3 a5 28. bxa6 Rxa6 29. Rhe1 f4 30. Rec1 Rca8 31. Nc2 Rxa1 32. Rxa1 Rxa1 33. Nxa1 f5 34. Nc2 Kf6 35. g4 hxg4 36. fxg4 fxg4 37. hxg4 Kg5 38. Nf3+ Kxg4 39. Ne5+ Kg3 40. c4 Ne4 41. Ne1 Nf2+ 42. Ke2 dxc4 43. bxc4 Ng4 44. N1d3 Ne3 45. Nxf4 Kxf4 46. Nd3+ Ke4 47. Nc5+ Kxd4 48. Nxe6+ Ke5 49. Nc5 Nbxc4 50. Nxb7 1/2-1/2

[Event "EU-ch U16 Girls"]
[Site "Batumi"]
[Date "2010.09.26"]
[Round "7"]
[White "Grigoryan, Julieta"]
[Black "Madoyan, Iolanta"]
[Result "1-0"]
[WhiteElo "1873"]
[BlackElo "1754"]
[PlyCount "69"]
[EventDate "2010.09.20"]
[EventType "swiss"]
[EventRounds "9"]
[EventCountry "GEO"]
[SourceTitle "CBM 138 Extra"]
[Source "ChessBase"]
[SourceDate "2010.10.29"]
[SourceVersion "1"]
[SourceVersionDate "2010.10.29"]
[SourceQuality "1"]

1. e4 e6 2. d4 d5 3. Nd2 c5 4. exd5 Qxd5 5. Ngf3 cxd4 6. Bc4 Qd6 7. 0-0 Nc6 8. Nb3 Be7 9. Nfxd4 Nxd4 10. Nxd4 a6 11. c3 Nf6 12. a4 0-0 13. Qe2 Bd7 14. Nf3 Bc6 15. Ne5 Nd5 16. Rd1 Rad8 17. Bd3 Qc7 18. Nxc6 Qxc6 19. Qe4 f5 20. Qe1 Bf6 21. Ra3 Nb6 22. Bc2 Nc4 23. Ra2 Rxd1 24. Bxd1 e5 25. b3 Nd6 26. Ba3 Rd8 27. c4 e4 28. c5 Nf7 29. Rd2 Bd4 30. b4 b6 31. Bb3 Qf6 32. Qe2 Rc8 33. Bxf7+ Kxf7 34. Qc4+ Ke8 35. Rxd4 1-0

[Event "EU-ch U16 Girls"]
[Site "Batumi"]
[Date "2010.09.23"]
[Round "5"]
[White "Grigoryan, Julieta"]
[Black "Leks, Maria"]
[Result "0-1"]
[WhiteElo "1873"]
[BlackElo "2052"]
[PlyCount "36"]
[EventDate "2010.09.20"]
[EventType "swiss"]
[EventRounds "9"]
[EventCountry "GEO"]
[SourceTitle "CBM 138 Extra"]
[Source "ChessBase"]
[SourceDate "2010.10.29"]
[SourceVersion "1"]
[SourceVersionDate "2010.10.29"]
[SourceQuality "1"]

1. e4 c6 2. d4 d5 3. exd5 cxd5 4. Bd3 Nc6 5. c3 Nf6 6. h3 g6 7. Nf3 Bg7 8. Bf4 0-0 9. 0-0 Bf5 10. Bxf5 gxf5 11. Ne5 e6 12. Nd2 Nxe5 13. Bxe5 Kh8 14. c4 Rg8 15. c5 Ne4 16. Bxg7+ Rxg7 17. f3 Qg5 18. Qe2 Qxd2 0-1

[Event "EU-ch U16 Girls"]
[Site "Batumi"]
[Date "2010.09.20"]
[Round "1"]
[White "Shvayger, Yuliya"]
[Black "Grigoryan, Julieta"]
[Result "0-1"]
[WhiteElo "2200"]
[BlackElo "1873"]
[PlyCount "83"]
[EventDate "2010.09.20"]
[EventType "swiss"]
[EventRounds "9"]
[EventCountry "GEO"]
[SourceTitle "CBM 138 Extra"]
[Source "ChessBase"]
[SourceDate "2010.10.29"]
[SourceVersion "1"]
[SourceVersionDate "2010.10.29"]
[SourceQuality "1"]

1. e4 e6 2. d4 d5 3. e5 c5 4. c3 Nc6 5. Nf3 Qb6 6. a3 c4 7. Nbd2 Na5 8. Be2 Bd7 9. 0-0 Be7 10. Rb1 Rc8 11. Ne1 Nb3 12. Nxb3 Ba4 13. Qd2 Qxb3 14. Ra1 f5 15. exf6 Nxf6 16. Qg5 0-0 17. Nf3 Rce8 18. Ne5 Nd7 19. Qg3 Nxe5 20. dxe5 Bc5 21. Be3 Qb6 22. Bxc5 Qxc5 23. Bd1 Bxd1 24. Raxd1 b5 25. Rd4 a5 26. Rg4 Rf7 27. h4 b4 28. axb4 axb4 29. Kh2 bxc3 30. bxc3 Qf8 31. f4 Rf5 32. Qe3 Qe7 33. Ra1 Rb8 34. Kh3 h5 35. Rg3 Qf7 36. Kh2 Rxf4 37. Rh3 Re4 38. Qa7 Qf4+ 39. Kg1 Qxe5 40. Rf1 Rf4 41. Ra1 Rb2 42. Rh1 0-1